Discursos pronunciados en la Real Academia Española con motivo de la admisión de Don Rafael María Baralt como individuo de ella. (Record no. 46556)

MARC details
000 -LEADER
campo de control de longitud fija 01192nam a2200277 i 4500
001 - NÚMERO DE CONTROL
campo de control 46556
003 - IDENTIFICADOR DE NÚMERO DE CONTROL
campo de control ES-MaACL
005 - FECHA Y HORA DE LA ÚLTIMA TRANSACCIÓN
campo de control 20240419183717.0
007 - CAMPO FIJO DE DESCRIPCIÓN FÍSICA--INFORMACIÓN GENERAL
campo de control de longitud fija t|
008 - DATOS DE LONGITUD FIJA--INFORMACIÓN GENERAL
campo de control de longitud fija 030409s1853 sp ||||1| spa d
080 ## - NÚMERO DE LA CLASIFICACIÓN DECIMAL UNIVERSAL
Número de la Clasificación Decimal Universal 1 Donoso Cortés, Juan
245 00 - MENCIÓN DEL TÍTULO
Título Discursos pronunciados en la Real Academia Española con motivo de la admisión de Don Rafael María Baralt como individuo de ella.
260 ## - PUBLICACIÓN, DISTRIBUCIÓN, ETC.
Lugar de publicación, distribución, etc. Madrid :
Nombre del editor, distribuidor, etc. [s.n.],
Fecha de publicación, distribución, etc. 1853 (
Fabricante Imp. de S. Campagni)
300 ## - DESCRIPCIÓN FÍSICA
Extensión 80 p. ;
Dimensiones 26 cm.
505 8# - NOTA DE CONTENIDO CON FORMATO
Nota de contenido con formato Recoge el discurso de Rafael María Baralt y el de contestación de Joaquín Francisco Pacheco
530 ## - NOTA DISPONIBLE DE FORMULARIO FÍSICO ADICIONAL
Nota de formato físico adicional disponible Disponible en formato digital.
594 ## - Nota al título y mención de responsabilidad
Nota al título y mención de responsabilidad Tema del discurso: Estudio crítico de D. Juan Donoso Cortés, marqués de Valdegamas.
600 14 - PUNTO DE ACCESO ADICIONAL DE MATERIA--NOMBRE DE PERSONA
Nombre de persona Donoso Cortés, Juan,
Fechas asociadas al nombre 1809-1853-
Subdivisión general Crítica e interpretación
9 (RLIN) 172937
700 1# - ENTRADA AGREGADA--NOMBRE PERSONAL
Nombre de persona Baralt, Rafael María.
9 (RLIN) 25302
700 1# - ENTRADA AGREGADA--NOMBRE PERSONAL
Nombre de persona Pacheco, Joaquín Francisco,
Fechas asociadas al nombre 1808-1865
9 (RLIN) 88121
710 2# - ENTRADA AGREGADA--NOMBRE DE ENTIDAD CORPORATIVA
Nombre de entidad corporativa o nombre de jurisdicción como elemento de entrada Real Academia Española
9 (RLIN) 6336
852 ## - LOCALIZACIÓN
Ubicación ES-MaACL
Número de control de estantería T-47-F-7
852 ## - LOCALIZACIÓN
Ubicación ES-MaACL
Número de control de estantería T-41-F-3
856 ## - LOCALIZACIÓN Y ACCESO ELECTRÓNICOS
Identificador Uniforme de Recursos <a href="http://bdh-rd.bne.es/viewer.vm?id=0000090610&page=1 ">http://bdh-rd.bne.es/viewer.vm?id=0000090610&page=1 </a>
Nota pública Biblioteca Digital Hispánica
Holdings
Estatus retirado Estado de pérdida Estado de daño No para préstamo Colección Biblioteca de origen Biblioteca actual Ubicación en estantería Fecha de adquisición Fuente de adquisición Total de préstamos Signatura topográfica completa Código de barras Visto por última vez Precio de reemplazo Tipo de ítem Koha
        Colección de folletos Biblioteca del Ateneo de Madrid Biblioteca del Ateneo de Madrid Depósito folletos 17/01/2008     T-41-F-3 1048962 23/02/2023 23/02/2023 Folleto
        Colección de folletos Biblioteca del Ateneo de Madrid Biblioteca del Ateneo de Madrid Depósito folletos 17/01/2008     T-47-F-7 1048961 23/02/2023 23/02/2023 Folleto